000 00844nam a2200253 i 4500
001 C2-0251689
003 PPAK
005 20180727215025.0
008 030927s1985 my |||| ||||| | may d
040 _aPPAK
_beng
_cPPAK
_erda
082 0 4 _a630.9595
_223
090 0 0 _a630.9595
_bMAL
_dKK
110 2 _aMalaysia, Kementerian Pertanian
245 0 0 _aSoil suitability study on the conversion of 12 IADP Lembah Kedah padi schemes to other crops
264 1 _aKuala Lumpur :
_bDepartment of Agriculture ,
_c1985
300 _axii, 191 pages ;
_c30 cm
336 _2rdacontent
_atext
337 _2rdamedia
_aunmediated
338 _2rdacarrier
_avolume
500 _aIADP - No.56
650 1 0 _aAgriculture and state - Malaysia ; Agriculture - Research - Malaysia
710 2 _aMalaysia, Kementerian Pertanian
_eorganizer
942 _ddc
_cB
999 _c64811
_d64811